000 01192cam a22002174a 4500
005 20250605164218.0
008 250528s ||||||||||||||||||||||||d
035 _a20546
020 _a870215078
040 _aGR-AtMCL
_bgre
_dGR-AtMCL
_eAACR2
245 1 _aAmerica's Maritime Heritage
260 _bNaval Institute Press,
_c1975
300 _a372
505 0 _aForeword, Preface, Acknowledgements, The Days of Growth, Colonial America, Colonial Seaports, Ships Overseas, The Years of Achievements, The Paths of the Sea, Piracy and Slavery, The Civil War, A Century of Progress, Sociology and Education, Technology, Global War, Our Cultural Heritage, Sea Power and National Survival, Bibliography, Index.
520 _aForeword, Preface, Acknowledgements, The Days of Growth, Colonial America, Colonial Seaports, Ships Overseas, The Years of Achievements, The Paths of the Sea, Piracy and Slavery, The Civil War, A Century of Progress, Sociology and Education, Technology, Global War, Our Cultural Heritage, Sea Power and National Survival, Bibliography, Index.
700 1 _aEngle Eloise
_96529
700 1 _aLott Arnold S.
_96530
942 _cBK
999 _c5644
_d5644